000 01089cam a22003134a 4500
001 12687737
005 20180111093153.0
008 020227s2002 paua b 001 0 eng
010 _a 2002021046
020 _a9997619269 (v. 1)
020 _a9997619277 (v. 2)
020 _a0721689736 (set)
035 _a(DNLM)101139247
040 _aDNLM/DLC
_cDLC
_dDLC
041 _aeng
042 _apcc
060 1 0 _a616.33
_bS632 2002
080 _a616.33
082 0 0 _a616.33 FEL
_221
100 _a10
101 _aGAS
245 0 0 _aSleisenger & Fordtran's gastrointestinal and liver disease :
_c[edited by] Mark Feldman, Lawrence S. Friedman, Marvin H. Sleisenger.
246 3 0 _aGastrointestinal and liver disease
246 3 _aSleisenger and Fordtran's gastrointestinal and liver disease
504 _aIncludes bibliographical references and index.
906 _a7
_bcbc
_corignew
_d1
_eecip
_f20
_gy-gencatlg
942 _2ddc
_cBK
999 _c40154
_d40154